Electrofóresis: aplicaciones biológicas y clínicas
Saved in:
| Hovedforfatter: | |
|---|---|
| Format: | Bog |
| Sprog: | spansk |
| Udgivet: |
Buenos Aires
EUDEBA
1968
|
| Serier: | Ediciones Previas. Química
|
| Fag: | |
| Tags: |
Tilføj Tag
Ingen Tags, Vær først til at tagge denne postø!
|
MARC
| LEADER | 00000nam a2200000 a 4500 | ||
|---|---|---|---|
| 001 | UCR4972 | ||
| 003 | CL-VaPUC | ||
| 008 | 980320e19680000AG |||||||||||||||||spa|d | ||
| 082 | 0 | 4 | |a 541.372 |b CAS |2 21 |
| 100 | 0 | |a Castagnino, Juan Miguel |e author |9 405614 | |
| 245 | 1 | 0 | |a Electrofóresis: aplicaciones biológicas y clínicas |
| 300 | |a 405 p | ||
| 942 | |c BK | ||
| 945 | |d 19980320 00:00:00 |a crobeson | ||
| 260 | |a Buenos Aires |b EUDEBA |c 1968 | ||
| 650 | 7 | |a ELECTROFORESIS |2 CL-VaPUC |9 261799 | |
| 650 | 7 | |a SOLUCIONES ELECTROLITICAS |2 CL-VaPUC |9 405615 | |
| 650 | 0 | |a Química analítica |9 259648 | |
| 583 | |a last modification |c 19980320 00:00:00 |k Rodrigo Vera | ||
| 490 | 0 | |a Ediciones Previas. Química | |
| 999 | |c 267747 |d 267745 | ||
| 952 | |0 0 |1 0 |4 0 |6 541_372000000000000_CAS_1968 |7 0 |8 A |9 300259 |a BIBALI |b BIBALI |c GEN |d 2019-11-20 |i 1969013 |o 541.372 CAS 1968 |p 1969013 |r 2025-01-20 |w 2019-11-20 |y BK |k ALI | ||